000
00322nam a22001577a 4500
020
_a
81-85617-98-8
041
_a
ENG
100
_a
Chapman.W.A.J
245
_a
Workshop Technology 3
250
_a
Third
260
_a
Delhi
_b
Viva Books
_c
1998
300
_a
675
650
_a
FMP
700
_a
Martin S.J
856
_u
FMP
999
_c
260
_d
260